000 00655nam a2200241Ia 4500
003 OSt
005 20220926030107.0
006 a|||||r|||| 00| 0
007 ta
008 220923b |||||||| |||| 00| 0 eng d
037 _cGeneral Book
040 _aRTL
_cRTL
_beng
041 _2eng
_aeng
082 _aQ3z7, L5
100 _aTalib Gurbachan Singh Ed.
245 0 _aJainism
260 _aPatiala
_bPunjabi University
_c1975
300 _avi,115p
_ccm.
500 _aBhagvan Mahavira 2500th Anniversary Volume
650 _aJainism
942 _hQ3z7, L5
_cGB
_2CC
999 _c648669
_d648669